Amanda Waller - Portrayals by Picture - Statistics

General Stats
  • This quiz has been taken 8 times
  • The average score is 2 of 16
Answer Stats
Picture Answer % Correct
Viola Davis
100%
Angela Bassett
33%
Pam Grier
17%
C.C.H. Pounder
0%
C.C.H. Pounder
0%
C.C.H. Pounder
0%
C.C.H. Pounder
0%
Cynthia Addai-Robinson
0%
Debra Cole
0%
Penny Johnson Jerald
0%
Sheryl Lee Ralph
0%
Tisha Campbell
0%
Vanessa Williams
0%
Vanessa Williams
0%
Yvette Nicole Brown
0%
Yvette Nicole Brown / Cynthia Addai-Robinson
0%
No matching quizzes found
Score Distribution
Percent of People with Each Score
Percentile by Number Answered
Your Score History
You have not taken this quiz